| 000 | 00354 a2200157 4500 | ||
|---|---|---|---|
| 001 | 67321 | ||
| 020 | _a8574741361 | ||
| 040 | _cAnchieta - Pituba | ||
| 100 | _aDias Sobrinho, José | ||
| 240 | 1 | 0 |
_aUniversidade e avaliação _lpor |
| 245 | 1 | 0 | _aUniversidade e avaliação |
| 300 | _a192 | ||
| 362 | 0 | _a2002 | |
| 650 | 4 | _aEnsino superior | |
| 942 | _cBK | ||
| 999 |
_c67321 _d67321 |
||